<?xml version="1.0" encoding="UTF-8"?>
<record
    xmlns:xsi="http://www.w3.org/2001/XMLSchema-instance"
    xsi:schemaLocation="http://www.loc.gov/MARC21/slim http://www.loc.gov/standards/marcxml/schema/MARC21slim.xsd"
    xmlns="http://www.loc.gov/MARC21/slim">

  <leader>05038nam a2200373 i 4500</leader>
  <controlfield tag="003">DO-SdBNP</controlfield>
  <controlfield tag="005">20251001122817.0</controlfield>
  <controlfield tag="007">ta</controlfield>
  <controlfield tag="008">250605b2024    dr ||||| |||| 00| 0 spa d</controlfield>
  <datafield tag="020" ind1=" " ind2=" ">
    <subfield code="a">9789945251081 (v.1)</subfield>
  </datafield>
  <datafield tag="020" ind1=" " ind2=" ">
    <subfield code="a">9789945251050 (v.2)</subfield>
  </datafield>
  <datafield tag="040" ind1=" " ind2=" ">
    <subfield code="a">DO-SdBNP</subfield>
    <subfield code="b">spa</subfield>
    <subfield code="c">BNPHU</subfield>
    <subfield code="e">rda</subfield>
  </datafield>
  <datafield tag="041" ind1=" " ind2=" ">
    <subfield code="a">spa</subfield>
  </datafield>
  <datafield tag="082" ind1=" " ind2="4">
    <subfield code="a">868.44</subfield>
    <subfield code="b">A594c</subfield>
    <subfield code="2">22</subfield>
  </datafield>
  <datafield tag="100" ind1=" " ind2=" ">
    <subfield code="a">Angulo Guridi, Francisco Javier,</subfield>
    <subfield code="d">1816-1884</subfield>
    <subfield code="e">autor</subfield>
    <subfield code="4">aut.</subfield>
    <subfield code="9">10453</subfield>
  </datafield>
  <datafield tag="245" ind1="1" ind2="0">
    <subfield code="a">Ensayos y art&#xED;culos /</subfield>
    <subfield code="c">Javier Angulo Guridi ; investigaci&#xF3;n y cuidado de edici&#xF3;n, Andr&#xE9;s Blanco D&#xED;az ; digitaci&#xF3;n, Pedro Blanco D&#xED;az.</subfield>
  </datafield>
  <datafield tag="250" ind1=" " ind2=" ">
    <subfield code="a">Primera edici&#xF3;n</subfield>
  </datafield>
  <datafield tag="264" ind1=" " ind2="4">
    <subfield code="a">Santo Domingo, Rep&#xFA;blica Dominican : </subfield>
    <subfield code="b">Archivo General de la Naci&#xF3;n (AGN), </subfield>
    <subfield code="c">&#xA9;2024.</subfield>
  </datafield>
  <datafield tag="300" ind1=" " ind2=" ">
    <subfield code="a">2 vol&#xFA;menes :</subfield>
    <subfield code="b">ilustraciones, fotograf&#xED;as ;</subfield>
    <subfield code="c">23 cm. </subfield>
  </datafield>
  <datafield tag="336" ind1=" " ind2=" ">
    <subfield code="a">texto</subfield>
    <subfield code="b">txt</subfield>
    <subfield code="2">rdacontent</subfield>
  </datafield>
  <datafield tag="337" ind1=" " ind2=" ">
    <subfield code="a">sin mediaci&#xF3;n </subfield>
    <subfield code="b">n</subfield>
    <subfield code="2">rdamedia</subfield>
  </datafield>
  <datafield tag="338" ind1=" " ind2=" ">
    <subfield code="a">volumen</subfield>
    <subfield code="b">nc</subfield>
    <subfield code="2">rdacarrier</subfield>
  </datafield>
  <datafield tag="490" ind1="0" ind2=" ">
    <subfield code="a">Publicaciones del Archivo General de la Naci&#xF3;n (AGN) ; </subfield>
    <subfield code="v">513 / 514</subfield>
  </datafield>
  <datafield tag="500" ind1=" " ind2=" ">
    <subfield code="a">Incluye datos biogr&#xE1;ficos del autor en las solapas</subfield>
  </datafield>
  <datafield tag="505" ind1=" " ind2=" ">
    <subfield code="a">Primeros escritos en Santo Domingo -- </subfield>
    <subfield code="g">v. 1</subfield>
    <subfield code="t">Inmigraci&#xF3;n, 11.--Memoria, 19.--Lorenzo Puente Acosta, 37.--Escritos en el peri&#xF3;dico El Tiempo/ N&#xFA;mero 1, 43.--N&#xFA;mero 2, 49.--Legislaci&#xF3;n, 51.--N&#xFA;mero 3, 61.--Asamblea legislativa, 66.--Legislaci&#xF3;n, 68.--N&#xFA;mero 4, 79.-Fronteras del sur, 87.--Legislaci&#xF3;n, 88.--N&#xFA;mero 5, 93.--Presupuestos, 96.--Papel sellado, 99.--N&#xFA;mero 6, 105.--Ley org&#xE1;nica, 111.--Los impuestos municipales, 117.--N&#xFA;mero 7, 121.--Empr&#xE9;stito, 122.--Ley org&#xE1;nica, 124.--Atentado contra los hermanos Polanco, 129.--Instrucci&#xF3;n p&#xFA;blica, 130.--N&#xFA;mero 8, 133.--Ley org&#xE1;nica, 138.--N&#xFA;mero 9, 145.--Ley org&#xE1;nica, 145.--Conversaci&#xF3;n de papel moneda, 150.--N&#xFA;mero 10, 155.--Memoria de justicia, 157.--N&#xFA;mero 11, 161.--Minas, 161.--Marle, 164.--Montecattini, 167.--N&#xFA;mero 12, 169.--Orden p&#xFA;blico, 172.--Semana Santa, 176.--Teatro, 178.--N&#xFA;mero 13, 181.--Minas, 181.--N&#xFA;mero 14, 185.--Exequias, 188.--Minas, 191.--N&#xFA;mero 15, 199.-- Al p&#xFA;blico, 199.--N&#xFA;mero 16, 203.--N&#xFA;mero 17, 207.-</subfield>
  </datafield>
  <datafield tag="505" ind1=" " ind2=" ">
    <subfield code="a">Escritos en el peri&#xF3;dico EL Sol -- </subfield>
    <subfield code="g">v. 2</subfield>
    <subfield code="t">12 de noviembre de 1868, 15.--Historia de la Catedral de Santo Domingo, 17.--19 de noviembre de 1868, 21.--24 de diciembre de 1868, 23.--Teatro, 25.--1ro de enero de 1869, 29.--7 de enero de 1869, 33.--Teatro, 35.--14 de enero de 1869, 39.--Teatro, 41.--21 de enero de 1869, 45.--Teatro, 48.--28 de enero y 4 de febrero de 1869, 51.--28 de enero de 1869, 61.--Teatro, 61.--4 de febrero de 1869, 63.--Teatro, 63.--11 de febrero de 1869, 65.--Teatro, 68.--18 de febrero de 1869, 71.--Teatro, 71.--25 de febrero de 1869, 75.--Teatro, 75.--4 de marzo de 1869, 79.--Teatro, 79.--18 de marzo de 1869, 83.--25 de marzo de 1869, 85.--8 de abril de 1869, 91.--Teatro, 94.--15 de abril de 1869, 97.--Teatro, 97.--22 de abril de 1869, 101.--Teatro, 101.--29 de abril de 1869, 105.--Teatro, 108.--6 de mayo de 1869, 111.--Teatro, 111.--13 de mayo de 1869, 113.--Justicia de m&#xE9;rito, 114.--3 de junio de 1869, 117.--Teatro, 119.--10 de junio de 1869, 121.--17 de junio de 1869, 125.--Teatro, 125.--24 de junio de 1869, 127.--Teatro, 127.--1ro de julio de 1869, 129.--Teatro, 129.--8 de julio de 1869, 131.--15 de junio de 1869, 135.--29 de julio de 1869, 139.--5 de agosto de 1869, 143.--12 de agosto de 1869, 147.--19 de agosto de 1869, 149.--26 de agosto de 1869, 153.--9, 16, 23 y 30 de septiembre de 1869, 157.--I, 157.--II, 163.--III, 168.--IV, 177.--Escritos en el Bolet&#xED;n Oficial/ 27 de febrero de 1868, 189.--&#xA1;Viva Buenaventura B&#xE1;ez, 190.--Justificaci&#xF3;n, 193.--7 de marzo de 1868, 197.--14 de marzo de 1868, 203.--21 de marzo de 1868, 207.--4 de abril de 1868, 211.--Cacciaguida, 211.--14 de abril de 1868, 215.--25 de abril de 1868, 221.--15 de mayo de 1868, 225.--30 de mayo de 1868, 229.--6 de junio de 1868, 233.--18 de junio de 1868, 237.--20 de junio de 1869, 241.--Palabras del honrado Monitor, solo que en vez de hombres dec&#xED;a algunas veces vagamundos. Los matices imprimieron car&#xE1;cter al Monitor, 248.--4 de julio de 1868, 253.--11 de julio de 1868, 257.--25 de julio de 1868.--1ro de agosto de 1868, 263.--8 de agosto de 1868, 267.--15 de agosto de 1868, 273.--El Protectorado, 273.--22 de agosto de 1868, 277.--22 de agosto de 1868, 281.--29 de agosto de 1868, 287.--8 de octubre de 1868, 289.--17 de octubre de 1868, 293.--24 de octubre de 1868, 301.--Los que se defienden no persiguen, 301.--Empr&#xE9;stito, 305.--14 de noviembre de 186, 311.--24 de noviembre de 1868, 315.--5 de diciembre de 1868, 323.--El partido baecista, 324.--12 de diciembre de 1868, 331.--19 de diciembre de 1868, 333.--26 de diciembre de 1868, 335.--&#xED;ndice onom&#xE1;stico, 337.--</subfield>
  </datafield>
  <datafield tag="590" ind1=" " ind2=" ">
    <subfield code="a">Inventariado, 2025 /LP</subfield>
  </datafield>
  <datafield tag="650" ind1=" " ind2="4">
    <subfield code="a">Ensayos dominicanos</subfield>
    <subfield code="9">65</subfield>
  </datafield>
  <datafield tag="650" ind1=" " ind2="4">
    <subfield code="a">Literatura dominicana.</subfield>
    <subfield code="9">67</subfield>
  </datafield>
  <datafield tag="700" ind1="1" ind2=" ">
    <subfield code="a">Blanco D&#xED;az, Andr&#xE9;s,</subfield>
    <subfield code="4">ed.</subfield>
    <subfield code="e">editor</subfield>
    <subfield code="9">172</subfield>
  </datafield>
  <datafield tag="710" ind1="1" ind2=" ">
    <subfield code="a">Blanco D&#xED;az, Pedro,</subfield>
    <subfield code="e">digitador</subfield>
    <subfield code="4">di.</subfield>
    <subfield code="9">87991</subfield>
  </datafield>
  <datafield tag="910" ind1=" " ind2=" ">
    <subfield code="a">LP. Validado. Control de Calidad/MAA</subfield>
  </datafield>
  <datafield tag="942" ind1=" " ind2=" ">
    <subfield code="2">ddc</subfield>
    <subfield code="c">LBS1</subfield>
  </datafield>
  <datafield tag="952" ind1=" " ind2=" ">
    <subfield code="0">0</subfield>
    <subfield code="1">0</subfield>
    <subfield code="2">ddc</subfield>
    <subfield code="5">1</subfield>
    <subfield code="7">0</subfield>
    <subfield code="8">PD</subfield>
    <subfield code="a">BNPHU</subfield>
    <subfield code="b">BNPHU</subfield>
    <subfield code="c">HD</subfield>
    <subfield code="d">2024-10-21</subfield>
    <subfield code="e">Dep&#xF3;sito Legal</subfield>
    <subfield code="l">0</subfield>
    <subfield code="o">BNPHU PD RD864.44 A594c</subfield>
    <subfield code="p">2025-4912</subfield>
    <subfield code="r">2025-06-05</subfield>
    <subfield code="t">v.1</subfield>
    <subfield code="w">2025-06-05</subfield>
    <subfield code="y">LBS1</subfield>
  </datafield>
  <datafield tag="952" ind1=" " ind2=" ">
    <subfield code="0">0</subfield>
    <subfield code="1">0</subfield>
    <subfield code="2">ddc</subfield>
    <subfield code="5">1</subfield>
    <subfield code="7">0</subfield>
    <subfield code="8">PD</subfield>
    <subfield code="a">BNPHU</subfield>
    <subfield code="b">BNPHU</subfield>
    <subfield code="c">HD</subfield>
    <subfield code="d">2024-10-21</subfield>
    <subfield code="e">Dep&#xF3;sito Legal</subfield>
    <subfield code="l">0</subfield>
    <subfield code="o">BNPHU PD RD864.44 A594c</subfield>
    <subfield code="p">2025-4913</subfield>
    <subfield code="r">2025-06-05</subfield>
    <subfield code="t">v.1, e.2</subfield>
    <subfield code="w">2025-06-05</subfield>
    <subfield code="y">LBS1</subfield>
  </datafield>
  <datafield tag="952" ind1=" " ind2=" ">
    <subfield code="0">0</subfield>
    <subfield code="1">0</subfield>
    <subfield code="2">ddc</subfield>
    <subfield code="5">6</subfield>
    <subfield code="7">0</subfield>
    <subfield code="8">DS</subfield>
    <subfield code="a">BNPHU</subfield>
    <subfield code="b">BNPHU</subfield>
    <subfield code="c">HD</subfield>
    <subfield code="d">2024-10-21</subfield>
    <subfield code="e">Dep&#xF3;sito Legal</subfield>
    <subfield code="l">0</subfield>
    <subfield code="o">BNPHU DS RD864.44 A594c</subfield>
    <subfield code="p">2025-4914</subfield>
    <subfield code="r">2025-06-05</subfield>
    <subfield code="t">v.1, e.3</subfield>
    <subfield code="w">2025-06-05</subfield>
    <subfield code="y">LBS1</subfield>
  </datafield>
  <datafield tag="952" ind1=" " ind2=" ">
    <subfield code="0">0</subfield>
    <subfield code="1">0</subfield>
    <subfield code="2">ddc</subfield>
    <subfield code="5">1</subfield>
    <subfield code="7">0</subfield>
    <subfield code="8">PD</subfield>
    <subfield code="a">BNPHU</subfield>
    <subfield code="b">BNPHU</subfield>
    <subfield code="c">HD</subfield>
    <subfield code="d">2024-10-21</subfield>
    <subfield code="e">Dep&#xF3;sito Legal</subfield>
    <subfield code="l">0</subfield>
    <subfield code="o">BNPHU PD RD864.44 A594c</subfield>
    <subfield code="p">2025-6579</subfield>
    <subfield code="r">2025-09-30</subfield>
    <subfield code="t">v.2</subfield>
    <subfield code="w">2025-09-30</subfield>
    <subfield code="y">LBS1</subfield>
  </datafield>
  <datafield tag="952" ind1=" " ind2=" ">
    <subfield code="0">0</subfield>
    <subfield code="1">0</subfield>
    <subfield code="2">ddc</subfield>
    <subfield code="5">1</subfield>
    <subfield code="7">0</subfield>
    <subfield code="8">PD</subfield>
    <subfield code="a">BNPHU</subfield>
    <subfield code="b">BNPHU</subfield>
    <subfield code="c">HD</subfield>
    <subfield code="d">2024-10-21</subfield>
    <subfield code="e">Dep&#xF3;sito Legal</subfield>
    <subfield code="l">0</subfield>
    <subfield code="o">BNPHU PD RD864.44 A594c</subfield>
    <subfield code="p">2025-6580</subfield>
    <subfield code="r">2025-09-30</subfield>
    <subfield code="t">v.2 e.2</subfield>
    <subfield code="w">2025-09-30</subfield>
    <subfield code="y">LBS1</subfield>
  </datafield>
  <datafield tag="952" ind1=" " ind2=" ">
    <subfield code="0">0</subfield>
    <subfield code="1">0</subfield>
    <subfield code="2">ddc</subfield>
    <subfield code="5">6</subfield>
    <subfield code="7">0</subfield>
    <subfield code="8">DS</subfield>
    <subfield code="a">BNPHU</subfield>
    <subfield code="b">BNPHU</subfield>
    <subfield code="c">HD</subfield>
    <subfield code="d">2024-10-21</subfield>
    <subfield code="e">Dep&#xF3;sito Legal</subfield>
    <subfield code="l">0</subfield>
    <subfield code="o">BNPHU DS RD864.44 A594c</subfield>
    <subfield code="p">2025-6581</subfield>
    <subfield code="r">2025-09-30</subfield>
    <subfield code="t">v.2, e.3</subfield>
    <subfield code="w">2025-09-30</subfield>
    <subfield code="y">LBS1</subfield>
  </datafield>
  <datafield tag="999" ind1=" " ind2=" ">
    <subfield code="c">59149</subfield>
    <subfield code="d">59149</subfield>
  </datafield>
</record>
